Marvel Comic Book Story Arcs - Statistics

General Stats
  • This quiz has been taken 59 times
    52 since last reset
  • The average score is 11 of 20
Answer Stats
Year of
Release
Plot Story Arc % Correct
2006-2007 After a superhero registration act divides the Marvel Universe, Iron Man, and Captain America lead teams against each other in there own personal Civil War. Civil War
90%
1984-1985 A mysterious being known as the Beyonder transports various Heroes and Villains from the Marvel Universe to a battleworld for an epic showdown promising the winner all they desire. Secret Wars
90%
2008-2009 Skrulls infiltrate and take control all over earth, posing as earths superheroes in order to conquer the planet. Secret Invasion
85%
2008-2009 In a dystopian future, an old and weary Wolverine navigates a world where Villains have taken over. Old Man Logan
80%
1981 The X-Men face a dystopian future in which mutants are hunted by deadly robots called sentinels who aim to obliterate all mutants. Days of Future Past
78%
2005 Scarlet Witch's unstable mind creates a brand new reality in which Mutants are now the dominant species, and Magneto is the ruler House of M
78%
1987 Kraven the Hunter's final attempt to defeat and capture Spiderman. Kraven's Last Hunt
71%
2006-2007 After being deemed too dangerous to stay on Earth, the Illuminati tricks Hulk and exile's him to a distant peaceful planet. However, his ship malfunctions and crash lands on the harsh planet of Sakaar where he is captured and enslaved as a Gladiator. Planet Hulk
71%
1992 The Cosmic entity Magus, Adam Warlocks evil doppleganger, creates evil dopplegangers of Marvels heroes to wreak havoc and cause chaos. Infinity War
68%
1995-1996 In an alternate timeline and reality, the powerful ancient mutant Apocalypse has reigned supreme over earth due to issues arising from the timeline and a newly found X-Men fight to restore the sacred timeline. Age of Apocalypse
63%
1980 Jean Grey's struggle with the immense power given to her by the Pheonix force and her incredible transformation into the Dark Phoenix which became a force of destruction The Dark Phoenix Saga
56%
1991 After Thanos gathers all six infinity gems to become omnitpotent he obliterates half of all life in the universe, leading to the gathering and the battle of Earth's greatest heroes. The Infinity Gauntlet
54%
1986 After Daredevil's secret identity is revealed and released into the criminal underworld, Matt Murdock finds himself on the run from Kingpin who tries to break him psychologically and ruin his life, but Matt refuses to give up. DaredevilBorn Again
49%
1982 A powerful preacher, William Stryker, leads a team of crusades to exterminate all mutants believing himself and them to be an affront to God, and the X-Men along with Magneto fight to prevent the genocide. God Loves, Man Kills
41%
2001-2002 The Avengers must rally together and prevent Earth's conquest from Kang the Conqueror after he launches a full-scale invasion promising to obliterate the heroes and break them down mentally, physically, and psychologically. The Kang Dynasty
41%
2006-2007 After the warlord Annihilus invades the universe from the negative zone and causes widespread destruction, heroes and comic entities must unite and resist the onslaught and protect the galaxy. Annihilation
39%
1993-1994 A more in depth retelling of Matt Murdocks transformation into the hero Daredevil, from his struggles as a young blind kid and the tragic murder of his father. The Man without Fear
22%
2013 Thor confronts Gorr The God Butcher as he seeks to elimante all Gods across time and space Thor, God of Thunder: The God Butcher
20%
1973 Spidermans arch enemy the Green Goblin captures Gwen Stacy and holds her hostage, and in a tragic turn of events is tragically thrown off the bridge and killed. The Night that Gwen Stacy Died
12%
2012 Clint Barton navigates his life outside of the Avengers as Hawkeye, protecting the city from crminal elements and navigating a relationship with Kate Bishop Hawkeye, My Life as a Weapon
7%
No matching quizzes found
Score Distribution
Percent of People with Each Score
Percentile by Number Answered
Your Score History
You have not taken this quiz since the last reset